| 000 | 01528nam a2200361 c 4500 | ||
|---|---|---|---|
| 001 | 6547 | ||
| 003 | ES-MaCES | ||
| 005 | 20141221121839.0 | ||
| 008 | 980219s1995 sp ||| | spa d | ||
| 035 | _aCES19980066080m | ||
| 040 |
_aES-MaCES _bspa _cES-MaCES |
||
| 110 | 1 |
_aEspaña _tPlan Nacional de Investigación Científica y Desarrollo Tecnológico _d1996-1999 _93316 |
|
| 245 | 1 | 0 | _aIII Plan Nacional de I+D (1996-1999) |
| 260 |
_a[Madrid] _b[Comisión Interministerial de Ciencia y Tecnología] _c1995 |
||
| 300 |
_aVI, 411 p. _c30 cm |
||
| 500 | _aPosteriormente se denomina "Plan Nacional de Investigación Científica, Desarrollo e Innovación Tecnológica" | ||
| 504 | _aBibliogr.: p. 393-395 | ||
| 505 | 1 | _aContiene: [I]. Plan Nacional de I+D (1996-1999) -- [II]. [Fichas de programas nacionales sectoriales] -- [III]. III Plan Nacional de I+D, 1996-1999 | |
| 541 | _cGratuito | ||
| 650 | 4 |
_ainvestigación y desarrollo _928273 |
|
| 650 | 4 |
_apolítica científica _928832 |
|
| 650 | 4 |
_apolítica de investigación _928828 |
|
| 650 | 4 |
_aplan nacional _927018 |
|
| 650 | 4 |
_aEspaña _926964 |
|
| 650 | 4 |
_a1996-1999 _931109 |
|
| 650 | 4 |
_ainforme _928986 |
|
| 653 | 1 | 0 | _aPolíticas sectoriales |
| 710 | 1 |
_aEspaña _bComisión Interministerial de Ciencia y Tecnología _eed. _92734 |
|
| 787 | 0 |
_tPlan Nacional de Investigación Científica, Desarrollo e Innovación Tecnológica (2000-2003) _w(ES-MaCES)9840 |
|
| 902 | _aLIB Libro | ||
| 942 |
_2CES _cBK _h5.2. |
||
| 999 |
_c6547 _d6547 |
||